000 00504nam a2200169 i 4500
001 bg
100 1 _aŻYBURTOWICZ, Mikołaj
245 0 _aAlbum rysunków konstrukcji stalowych /
_cMikołaj Żyburtowicz.
250 _aWyd.3 popr. i uzup.
260 _aWarszawa,
_c1975.
040 _cBPK
041 _apol
080 _a624.014
942 _cKS
008 s pl f |000 0 pol
856 _uhttp://koha.tu.koszalin.pl/cgi-bin/koha/opac-detail.pl?biblionumber=18154
_yKatalog online BPK
999 _c18154
_d18154